001820000a2200073000450024500380000004100130003810000190005177300380007010aPolypodiaceae - Thelypteridoideae0 aInglés1 aSmith, Alan R.1 tFlora of Ecuadorh18q3-148d1983